01650nam a2200361 a 450000100060000000300080000600500170001400800410003103500180007204000340009004100080012408200230013211100380015524500620019324600460025526000520030130000270035349000480038050000470042855000910047565000410056665000280060765000410063565000200067665000210069665000260071770000240074371000720076777601340083977601070097378001600108083000480124029955BD-RjUL20250422120805.0140408s1957 nbuar 1 a0eng d aBD-RjUL)29955 aNSDPbengcNSDPdDLCdBD-RjUL aeng04a159.4082bNEB 19572 aNebraska Symposium on Motivation.10aNebraska Symposium on Motivation /cEd. Marshall R. Jones13aCurrent theory and research in motivation3 aLincoln :bUniversity of Nebraska Press,c1957. a430 p. :bill.c23 cm. aNebraska Symposium on Motivation,vV.5,1957 aSome issues have also a distinctive title. aSymposia for 1954- sponsored by the Dept. of Psychology of the University of Nebraska. 0aMotivation (Psychology)vCongresses. 2aMotivationvCongresses. 6aMotivation (Psychologie)vCongrès.17aMotivatie.2gtt07aMotivation.2swd07aAufsatzsammlung.2swd1 aJones Marshall R. 2 aUniversity of Nebraska (Lincoln campus).bDepartment of Psychology.08iOnline version: Nebraska Symposium on Motivation.tNebraska Symposium on Motivationx0146-7875w(DLC) 53011655w(OCoLC)5864899708iOnline version:aNebraska Symposium on Motivation.tNebraska Symposium on Motivationw(OCoLC)60415653800aCurrent Theory and Research in Motivation (Symposium).tCurrent theory and research in motivation, a symposiumx0070-2099w(DLC)sf 82004059w(OCoLC)2260043 aNebraska Symposium on Motivation,vV.5,1957